| 000 | 00738nam a2200253 4500 | ||
|---|---|---|---|
| 003 | OSt | ||
| 005 | 20260601170958.0 | ||
| 008 | 260508b2018\\\\|||ao|||\||||\00|\0\eng\d | ||
| 040 |
_aICI _bspa _cICI |
||
| 050 |
_aBF408 _bB75 2017 |
||
| 100 | 1 | _aUreña Ballado, María | |
| 245 | 1 |
_aNeuro design: _bA book to create whatever you want / _cMaría Ureña Ballado |
|
| 264 |
_bCCM _c2018 _aEstados Unidos |
||
| 300 | _a40 páginas | ||
| 336 |
_atexto _2rdacontent |
||
| 337 |
_asin medio _2rdamedia |
||
| 338 |
_avolumen _2rdacarrier |
||
| 650 |
_aDiseño y psicología _930985 |
||
| 650 | _aNeurodiseño | ||
| 650 | _aCreatividad | ||
| 650 | _aDiseño centrado en el usuario | ||
| 650 |
_aNeuromercadotecnia _930989 |
||
| 942 |
_2lcc _cB _n1 |
||
| 999 |
_c19947 _d19947 |
||